000 00395nam a2200157Ia 4500
005 20250701153725.0
008 240331s9999 xx 000 0 und d
020 _a9552108071
082 _bSEN
_a398
100 _aSenarathne,P.M
245 0 _aSri Lankawe janakreeda
260 _aColombo
_bA.M.D.Gunasena & Co Ltd
_c1996
300 _a78 p .,
500 _aFolk Sports In Sri Lanka
942 _cL
999 _c5039
_d5039